| 000 | 01110cam a2200229 4500 | ||
|---|---|---|---|
| 001 | WB@3612-465 | ||
| 008 | 041019n2004 000 0 eng u | ||
| 035 | _a(Sirsi) u127751 | ||
| 245 | _aInflation falls sharply | ||
| 260 | _c2004 | ||
| 490 |
_aRightmove Press Release _vOctober 18 October 2004 (15) |
||
| 520 | _aThe annual rate of increase in asking prices dropped sharply from 16.4% to 13.4% from August to September 2004, according to the latest "Rightmove house price index: October". The average property asking price was £193 536 and on average takes 10 weeks to sell. The number of properties per estate agent has reached its highest level in over two years. With excess supply and lower demand, very competitive pricing is essential for those homeowners who have to secure a sale. For the full report go to the website. http://www.rightmove.co.uk | ||
| 590 | _aWB | ||
| 590 | _aWB | ||
| 650 | _aRIGHTMOVE | ||
| 650 | _aHOUSE PRICE INDEX | ||
| 650 | _aHOUSE PRICE INFLATION | ||
| 650 | _aINTEREST RATES | ||
| 650 | _aPROPERTY PRICES | ||
| 690 | _aHOUSING-HOUSE PRICES | ||
| 942 | _n0 | ||
| 999 |
_c118187 _d118187 |
||